Uzda pro Greis /

Hlavní autor: Urbanová, Marta, 1939-2024
Další autoři: Urban, Franci, 2001-
Jazyk: Čeština
Vydáno: Jindřichův Hradec : Epika, 2012
Vydání: Vyd. 1.
Témata:
Fyzický popis: 45 s. : barev. il. ; 18 cm
Knihy
Uloženo v:
LEADER 01265cam a2200373 a 4500
001 nkc20122414884
003 CZ PrNK
005 20130319132105.0
007 ta
008 120927s2012 xr a b 000 f cze d
015 |a cnb002414884 
020 |a 978-80-87435-23-6  |q (váz.) 
035 |a (OCoLC)829661223 
040 |a KLG001  |b cze  |d BOA001  |d ABA001 
072 7 |a 821.162.3-3  |x Česká próza  |2 Konspekt  |9 25 
072 7 |a 821-93  |x Literatura pro děti a mládež (beletrie)  |2 Konspekt  |9 26 
080 |a 821.162.3-3  |2 MRF 
080 |a 821-93  |2 MRF 
080 |a (0:82-3)  |2 MRF 
100 1 |a Urbanová, Marta,  |d 1939-2024  |7 jk01140894  |4 aut 
245 1 0 |a Uzda pro Greis /  |c Marta Urbanová ; ilustrace Franci Urban 
250 |a Vyd. 1. 
260 |a Jindřichův Hradec :  |b Epika,  |c 2012 
300 |a 45 s. :  |b barev. il. ;  |c 18 cm 
655 7 |a české prózy  |7 fd133972  |2 czenas 
655 7 |a publikace pro děti  |7 fd133156  |2 czenas 
655 9 |a Czech prose  |2 eczenas 
655 9 |a children's literature  |2 eczenas 
700 1 |a Urban, Franci,  |d 2001-  |7 jo2013748149  |4 ill 
910 2 |a BOA001  |b 1-1299.387 
990 |a BK 
995 |a 01 
991 |b 201303  |e db 
996 6 |b 2610538505  |c 1-1299.387  |l MZK  |r Sklad / do 1 hodiny  |n 0  |p p.v.  |w 001312984  |u 000010  |a 1  |e BOA001  |j MZK50  |s P